000 00657nam a2200229 i 4500
001 76585
003 ES-MaACL
005 20250829112155.0
007 t|
008 041004s1971 sp ||||1| spa d
100 1 _aGuiraud, Pierre.
_960893
245 1 0 _aSintaxís del francés /
_cpor Pierre Guiraud ; [traducción de A. Artis].
250 _a[1ª ed.].
260 _aBarcelona :
_bOikos-Tau,
_c[1971]
300 _a126 p. ;
_c18 cm.
490 1 _a¿Qué sé?
650 4 _aLengua francesa-
_xSintaxis.
_9163623
700 1 _aArtis, A.
_923488
830 0 _a¿Qué sé?
_9181382
852 _aES-MaACL
_jC-42041
999 _c76585
_d76585